000 00382nam a2200145Ia 4500
008 240729s9999 xx 000 0 und d
022 _a2186-5116
245 0 _aMass Spectrometry
260 _aJapan
260 _bThe Mass Spectrometry Society of Japan
650 _aScience
856 _uhttps://doaj.org/toc/ce10958e1cce4a40921f618e5f4e895e
942 _2ddc
942 _cDOAJEJ
999 _c68609
_d68609
945 _a1
_bMadushi Gamage
_c1
_dMadushi Gamage